<?xml version="1.0" encoding="UTF-8"?>
<record
    xmlns:xsi="http://www.w3.org/2001/XMLSchema-instance"
    xsi:schemaLocation="http://www.loc.gov/MARC21/slim http://www.loc.gov/standards/marcxml/schema/MARC21slim.xsd"
    xmlns="http://www.loc.gov/MARC21/slim">

  <leader>01647    a2200217   4500</leader>
  <controlfield tag="001">38047</controlfield>
  <controlfield tag="005">20260407155646.0</controlfield>
  <controlfield tag="008">260407a1979    arg                 spa d</controlfield>
  <controlfield tag="003">AR-UNSa-BCEJYS</controlfield>
  <datafield tag="040" ind1=" " ind2=" ">
    <subfield code="a">AR-UNSa-BCEJYS</subfield>
    <subfield code="b">spa</subfield>
    <subfield code="c">AR-UNSa-BCEJYS</subfield>
  </datafield>
  <datafield tag="080" ind1=" " ind2=" ">
    <subfield code="a">911.3:33(82)</subfield>
    <subfield code="x">Geograf&#xED;a econ&#xF3;mica argentina</subfield>
  </datafield>
  <datafield tag="245" ind1="1" ind2="0">
    <subfield code="a">Geograf&#xED;a econ&#xF3;mica mundial y argentina</subfield>
  </datafield>
  <datafield tag="250" ind1=" " ind2=" ">
    <subfield code="a">3a. ed</subfield>
  </datafield>
  <datafield tag="264" ind1=" " ind2="1">
    <subfield code="a">Buenos Aires :</subfield>
    <subfield code="b">ERGON</subfield>
    <subfield code="c">1979</subfield>
  </datafield>
  <datafield tag="300" ind1=" " ind2=" ">
    <subfield code="a">595 p.</subfield>
    <subfield code="c">24 cm.</subfield>
  </datafield>
  <datafield tag="505" ind1=" " ind2=" ">
    <subfield code="a">1. La realidad socioeconomica mundial - 2. La geograf&#xED;a econ&#xF3;mica y sus principios fundamentales - 3. Factores naturales indirectos - 4. Recursos naturales - 5. Estadistica demogr&#xE1;fica - 6. Din&#xE1;mica demogr&#xE1;fica - 7. Instrumental de producci&#xF3;n - 8. La energ&#xED;a - 9. Transporte y comunicaciones - 10. Acumulaci&#xF3;n y conservaci&#xF3;n de bienes - 11. Aspectos econ&#xF3;micos de la agricultura - 12. Cereales - 13. Oleaginosas - 14. Fibras textiles - 15. Plantas  sacar&#xED;feras - 16. Plantas estimulantes - 17. Hortalizas, legumbres y frutales - 18. Ganader&#xED;a - 19. Avicultura - 20. Fauna terrestre y riqueza del mar - 21. Regiones forestales - 22. Explotaci&#xF3;n forestal - 23. La miner&#xED;a en general - 24. Minerales metal&#xED;feros - 25. Minerales no metal&#xED;feros - 26. La miner&#xED;a en la argentina - 27. La industria en general - 28. Principales regiones industriales - 29. Principales ramas de la industria - 30. La industria en la argentina - 31. Comercio internacional - 32. Corrientes comerciales y agrupamientos regionales - 33. El comercio en la argentina.</subfield>
  </datafield>
  <datafield tag="041" ind1=" " ind2=" ">
    <subfield code="a">spa</subfield>
  </datafield>
  <datafield tag="942" ind1=" " ind2=" ">
    <subfield code="c">BK</subfield>
  </datafield>
  <datafield tag="590" ind1=" " ind2=" ">
    <subfield code="a">niveau_biblio:m niveau_hierar:0</subfield>
  </datafield>
  <datafield tag="100" ind1="1" ind2=" ">
    <subfield code="a">Carlevari, Isidro J.F.</subfield>
  </datafield>
  <datafield tag="999" ind1=" " ind2=" ">
    <subfield code="c">2844</subfield>
    <subfield code="d">2844</subfield>
  </datafield>
  <datafield tag="952" ind1=" " ind2=" ">
    <subfield code="0">0</subfield>
    <subfield code="1">0</subfield>
    <subfield code="4">0</subfield>
    <subfield code="7">0</subfield>
    <subfield code="a">BCEJYS</subfield>
    <subfield code="b">BCEJYS</subfield>
    <subfield code="c">16</subfield>
    <subfield code="d">2026-04-07</subfield>
    <subfield code="l">0</subfield>
    <subfield code="o">911.3:33(82) C278g 3ed.</subfield>
    <subfield code="p">L35864</subfield>
    <subfield code="r">2026-04-07 15:56:46</subfield>
    <subfield code="w">2026-04-07</subfield>
    <subfield code="y">L</subfield>
  </datafield>
  <datafield tag="952" ind1=" " ind2=" ">
    <subfield code="0">0</subfield>
    <subfield code="1">0</subfield>
    <subfield code="4">0</subfield>
    <subfield code="7">0</subfield>
    <subfield code="a">BCEJYS</subfield>
    <subfield code="b">BCEJYS</subfield>
    <subfield code="c">16</subfield>
    <subfield code="d">2026-04-07</subfield>
    <subfield code="l">0</subfield>
    <subfield code="o">911.3:33(82) C278g 3ed.</subfield>
    <subfield code="p">L35865</subfield>
    <subfield code="r">2026-04-07 15:56:46</subfield>
    <subfield code="w">2026-04-07</subfield>
    <subfield code="y">L</subfield>
  </datafield>
  <datafield tag="952" ind1=" " ind2=" ">
    <subfield code="0">0</subfield>
    <subfield code="1">0</subfield>
    <subfield code="4">0</subfield>
    <subfield code="7">0</subfield>
    <subfield code="a">BCEJYS</subfield>
    <subfield code="b">BCEJYS</subfield>
    <subfield code="c">16</subfield>
    <subfield code="d">2026-04-07</subfield>
    <subfield code="l">0</subfield>
    <subfield code="o">911.3:33(82) C278g 3ed.</subfield>
    <subfield code="p">L25248</subfield>
    <subfield code="r">2026-04-07 15:56:46</subfield>
    <subfield code="w">2026-04-07</subfield>
    <subfield code="y">L</subfield>
  </datafield>
</record>
